| 000 | 00850cam a22002773a 4500 | ||
|---|---|---|---|
| 001 | 10059 | ||
| 003 | PGUSA | ||
| 005 | 20140828083219.0 | ||
| 008 | 031101s2003||||xxu|||||s|||||000 1 eng d | ||
| 040 |
_aPGUSA _beng |
||
| 042 | _adc | ||
| 050 | 4 | _aPZ | |
| 100 | 1 |
_aBaum, L. Frank _q(Lyman Frank), _d1856-1919 |
|
| 245 | 1 | 0 |
_aAunt Jane's Nieces on Vacation _h[electronic resource] / _cL. Frank Baum |
| 260 |
_bProject Gutenberg, _c2003 |
||
| 506 | _aPublic domain in the USA. | ||
| 516 | _aElectronic text | ||
| 653 | _aNewspaper publishing -- Juvenile fiction | ||
| 653 | _aCousins -- Juvenile fiction | ||
| 653 | _aUncles -- Juvenile fiction | ||
| 653 | _aMystery and detective stories | ||
| 653 | _aFarm life -- Juvenile fiction | ||
| 830 | 0 |
_aProject Gutenberg _v10059 |
|
| 856 | 4 | 0 | _uhttp://www.gutenberg.org/ebooks/10059 |
| 942 | _cEB | ||
| 999 |
_c239314 _d239314 |
||